000 00869nam a22002297a 4500
999 _c387
_d387
003 AR-CdUCM
008 190223b ||||| |||| 00| 0 spa d
040 _aMUNICIPALIDAD PROVINCIAL DEL CUSCO
_cBIBLIOTECA MUNICIPAL DEL CUSCO
082 _a370.82 /
_bZ76
100 _aZilbert, Omar
_91558
245 _aLa escuela por dentro /
246 _aPrimer festival del libro pedagógico
260 _aLima :
_bTalleres La Confianza,
_c1959.
300 _a95 páginas ;
_c17.5 cm.
500 _aDonación familia Nieto.
505 _aContiene: Invitación al estudio y al debate -- La interacción infantil y la escuela -- Las escuelas "alternas" y el tiempo -- Pruebas objetivas y pruebas sin objetividad.
650 _aEducación-Perú
_91559
650 _aPedagogía
_91560
650 _aEducación primaria
_91561
942 _2ddc
_cLIBROS
945 _alccs
_d2019-02-23